000 00858nam a22002297a 4500
001 76258
003 BD-RjUL
005 20211209082821.0
008 191118r20021999bg ||||| |||| 00| 0 eng d
020 _a9844101522
035 _a(BD-RjUL)76479
040 _aBD-RjUL
_beng
_cBD-RjUL
041 _aben
082 _223
_a333.315492
_bISB 2002
100 _aইসলাম, কাবেদুল
_9235029
245 _aবাংলাদেশের ভূমিব্যবস্থা /
_cকাবেদুল ইসলাম
260 _aঢাকা :
_b মাওলা ব্রাদাস,
_c১৯৯৯, [মুদ্রণ ২০০২]
300 _a২৮০ পৃ. ;
_c২৩ সেমি.
650 _aভূমি সংস্কার
_zবাংলাদেশ
_9235030
650 _aLand reform
_zBangladesh
_9235031
942 _2ddc
_cBK
999 _c76258
_d76258